000 00690cam a2200241 4500500
005 20260405003624.0
041 _afre
042 _adc
100 1 0 _aPernes, Caroline
_eauthor
245 0 0 _aLettres d’amitié 1920-1959
260 _c2022.
500 _a42
690 _aAmitié
690 _aBourgeoisie
690 _aExistentialisme
690 _aLettres
690 _aMariage
690 _aMaurice Merleau-Ponty
690 _aRupture
690 _aSimone de Beauvoir
786 0 _nPhilosophie magazine | 165 | 12 | 2022-12-01 | p. 64-64 | 1951-1787
856 4 1 _uhttps://shs.cairn.info/magazine-philosophie-magazine-2022-12-page-64?lang=fr&redirect-ssocas=7080
999 _c2069354
_d2069354